Основы социальной работы: учебник

Manylion Llyfryddiaeth
Awduron Eraill: Павленок П. Д. Петр Денисович (редактор), Акмалова А. А., Алферов В. П., Бабкин Н. И., Баженов Н. П.
Crynodeb:В учебнике рассматриваются теоретико-методологические и практические проблемы социальной работы в России и за рубежом. Предназначен для студентов и аспирантов, обучающихся по специальности «Социальная работа», а также всем тем, кто интересуется теорией и практикой социальной работы.
Iaith:Rwseg
Cyhoeddwyd: Москва, ИНФРА-М, 2007
Rhifyn:3-е изд., испр. и доп.
Cyfres:Высшее образование
Pynciau:
Fformat: Llyfr
KOHA link:https://koha.lib.tpu.ru/cgi-bin/koha/opac-detail.pl?biblionumber=183548

MARC

LEADER 00000nam0a2200000 4500
001 183548
005 20231101223750.0
010 |a 9785160025254 
035 |a (RuTPU)RU\TPU\book\198965 
035 |a RU\TPU\book\113708 
090 |a 183548 
100 |a 20100811d2007 m y0rusy50 ca 
101 0 |a rus 
102 |a RU 
105 |a y j 001zy 
200 1 |a Основы социальной работы  |e учебник  |f П. Д. Павленок, А. А. Акмалова, В. П. Алферов и др.  |g Под ред. П. Д. Павленка 
205 |a 3-е изд., испр. и доп. 
210 |a Москва  |c ИНФРА-М  |d 2007 
215 |a 560 с. 
225 1 |a Высшее образование 
320 |a Библиография в конце глав. 
330 |a В учебнике рассматриваются теоретико-методологические и практические проблемы социальной работы в России и за рубежом. Предназначен для студентов и аспирантов, обучающихся по специальности «Социальная работа», а также всем тем, кто интересуется теорией и практикой социальной работы. 
451 1 |0 (RuTPU)RU\TPU\book\89211  |y 5-16-000484-X  |t Основы социальной работы  |o учебник  |f П. Д. Павленок, А. А. Акмалова, В. П. Алферов и др.  |g отв. ред. П. Д. Павленок  |e 2-е изд., испр. и доп.  |c М.  |n ИНФРА-М  |d 2004  |p 395 с.  |s Высшее образование 
606 1 |a Социальная работа  |x Теория  |2 stltpush  |3 (RuTPU)RU\TPU\subj\36954  |9 58145 
610 1 |a методологические основы 
610 1 |a история 
610 1 |a Россия 
610 1 |a социальная политика 
610 1 |a государство 
610 1 |a педагогика 
610 1 |a психология 
610 1 |a правовые основы 
610 1 |a коммуникативность 
610 1 |a технология 
610 1 |a физическая культура 
610 1 |a семья 
610 1 |a занятость 
610 1 |a детство 
610 1 |a женщины 
610 1 |a инвалиды 
610 1 |a пожилые люди 
610 1 |a бездомность 
610 1 |a молодежь 
610 1 |a этнические общности 
610 1 |a миграция 
610 1 |a девиантное поведение 
610 1 |a малообеспеченные группы 
610 1 |a жизненный уровень 
610 1 |a бытовое обслуживание 
610 1 |a управление 
610 1 |a кадры 
610 1 |a социальные работники 
610 1 |a зарубежный опыт 
610 1 |a учебники 
686 |a У9(2)272я73  |v LBC/SL-A  |2 rubbk 
701 1 |a Павленок  |b П. Д.  |g Петр Денисович 
701 1 |a Акмалова  |b А. А. 
701 1 |a Алферов  |b В. П. 
701 1 |a Бабкин  |b Н. И. 
701 1 |a Баженов  |b Н. П. 
702 1 |a Павленок  |b П. Д.  |g Петр Денисович  |4 340 
801 1 |a RU  |b 63413507  |c 20030421  |g PSBO 
801 2 |a RU  |b 63413507  |c 20110111  |g PSBO 
900 |a Социальная работа 
900 |a Методика исследований в социальной работе и социальная статистика 
900 |a Основы социальной работы 
942 |c BK 
952 |a 521100  |b 040100